Statistics for top 10 console video games

Click here to take the quiz!

General Stats

  • This quiz has been taken 604 times
    (594 since last reset)
  • The average score is 7 of 10

Answer Stats

HintAnswer% Correct
#1 first person shootercod
93%
made its come back in 2013-2014 and is a survival game (lara croft)tomb raider
80%
xbox only: its a fiction first person shooter set in spacehalo
78%
xbox only: a famous racing game that has 5 sequelsforza
73%
the most played football gamefifa
70%
open world and has 5 sequelsgta
70%
a hacker that lives in Chicago and is connected everywerewatch dogs
63%
you are stuck on a island and everyone is deaddead island
55%
a cross console racing game that had its first game on the ps1nfs
48%
only on ps: you have electric power you choose to be evil or goodinfamous
44%

Score Distribution

Percentile by Number Answered

Percent of People with Each Score

Your Score History

You have not taken this quiz since the last reset